Famous People (Mainly Brits) From Impressions Quiz Stats

 Plays Quiz not verified by Sporcle

Support Sporcle.
Go Orange.
Score 0/10 Timer 07:00
0 Plays Today
Time Famous Person % Correct
0:50-1:12Jeremy Clarkson
83.7%
1:12-1:20George Bush
77.2%
0:21-0:50Boris Johnson and David Cameron
73.9%
2:51-3:08The Muppets
64.1%
1:20-1:31Steven Gerrard
63%
2:31-2:51Morgan Freeman
52.2%
2:13-2:31Borat
46.7%
0:00-0:21Jose Mourinho
42.4%
1:31-1:56Fabio Capello
41.3%
1:56-2:13Michael McIntyre
38%

You're not logged in!

Compare scores with friends on all Sporcle quizzes.
OR
Log In

From the Vault

'F' Words In Song Lyrics

by JoeBeta

Whoever managed to work the word 'fantabulous' into a song earned our vote.
Remove Ads.
Support Sporcle.
Get the best of Sporcle when you Go Orange. This ad-free experience offers more features, more stats, and more fun while also helping to support Sporcle. Thank you for becoming a member.

Show Comments

Extras

Created Mar 14, 2011ReportNominate
Tags:Famous Quiz, impression, Person

Top Quizzes Today


Score Distribution

Your Account Isn't Verified!

In order to create a playlist on Sporcle, you need to verify the email address you used during registration. Go to your Sporcle Settings to finish the process.

Report this User

Report this user for behavior that violates our Community Guidelines.

Details: